| 000 | 00328nam a2200121Ia 4500 | ||
|---|---|---|---|
| 008 | 230907s9999||||xx |||||||||||||| ||und|| | ||
| 082 | _a333.79,HON | ||
| 100 |
_aHong, Wei Chiang. _9115179 |
||
| 245 | 0 | _aIntelligent energy demand forecasting / | |
| 260 |
_aSpringer, _bNew York : _c2013 |
||
| 300 | _axiii, 189 p.: | ||
| 942 | _cBK | ||
| 999 |
_c597772 _d597772 |
||